000
00317nam a22001337a 4500
008
170612b xxu||||| |||| 00| 0 eng d
020
_a
9780742567344
041
_a
eng
080
_a
32
100
_a
19
101
_a
SHP
245
_a
CENTRAL EUROPEAN POLITICS FROM ECONOMY
_c
WOLCHIK.SH.L
942
_2
udc
_c
BK
999
_c
16930
_d
16930